| 000 | 01150cam a22003375i 4500 | ||
|---|---|---|---|
| 999 |
_c27847 _d27818 |
||
| 001 | 014915459 | ||
| 003 | EG-ScBUE | ||
| 005 | 20191215133025.0 | ||
| 008 | 090212r20092000stkab f b 001 0 eng d | ||
| 020 | _a9780748638444 (paperback) | ||
| 040 |
_aStDuBDS _beng _erda _cStDuBDS _dUk _dEG-ScBUE |
||
| 082 | 0 | 4 |
_a306.44 _bMES _222 |
| 100 | 1 |
_aMesthrie, Rajend, _eauthor. |
|
| 245 | 1 | 0 |
_aIntroducing sociolinguistics / _cRajend Mesthrie [and three others]. |
| 250 | _aSecond edition. | ||
| 250 | _aReprint edition. | ||
| 264 | 1 |
_aEdinburgh : _bEdinburgh University Press, _c2009. |
|
| 300 |
_axxvi, 500 pages : _billustrations, maps ; _c25 cm |
||
| 336 |
_atext _btxt _2rdacontent |
||
| 337 |
_aunmediated _bn _2rdamedia |
||
| 338 |
_avolume _bnc _2rdacarrier |
||
| 500 | _aFirst edition published by Edinburgh University Press in 2000. | ||
| 504 | _aIncludes bibliographical references and index. | ||
| 650 | 7 |
_aSociolinguistics. _2BUEsh _939810 |
|
| 653 |
_bHHUUEENN _cNovember2019 |
||
| 655 | _vReading book | ||
| 700 | 1 |
_aSwann, Joan, _eauthor. |
|
| 700 | 1 |
_aDeumert, Ana, _eauthor. |
|
| 700 | 1 |
_aLeap, William L., _eauthor. |
|
| 942 |
_2ddc _cBB |
||